000
00290nam a22001217a 4500
008
170627b xxu||||| |||| 00| 0 eng d
041
_a
eng
080
_a
329
100
_a
21
101
_a
SHP
245
_a
POLITICAQL PARTIES AND PRIMARES IN KENTUCKY
_c
MILLER.P.M
942
_2
udc
_c
BK
999
_c
19141
_d
19141